A modern view of geometry (Record no. 543906)
[ view plain ]
| 000 -LEADER | |
|---|---|
| fixed length control field | 00439nam a22001457a 4500 |
| 082 ## - DEWEY DECIMAL CLASSIFICATION NUMBER | |
| Classification number | 516.4 |
| Author Mark | BLU |
| -- | L-2, P-15 |
| 100 ## - MAIN ENTRY--PERSONAL NAME | |
| Personal name | Blumenthal, Leonard M. |
| 9 (RLIN) | 39407 |
| 245 ## - TITLE STATEMENT | |
| Title | A modern view of geometry |
| Statement of responsibility, etc. | Blumenthal, Leonard M. |
| 260 ## - PUBLICATION, DISTRIBUTION, ETC. | |
| Place of publication, distribution, etc. | USA |
| Name of publisher, distributor, etc. | W.H. Freeman and company |
| Date of publication, distribution, etc. | 1961 |
| 300 ## - PHYSICAL DESCRIPTION | |
| Extent | xii, 191 p.: |
| Other physical details | ill.; |
| 526 ## - STUDY PROGRAM INFORMATION NOTE | |
| Program name | 0 |
| Interest level | 0 |
| Reading level | 0 |
| Title point value | 516_400000000000000_BLU |
| 650 ## - SUBJECT ADDED ENTRY--TOPICAL TERM | |
| Topical term or geographic name entry element | MCE |
| 9 (RLIN) | 379 |
| 700 ## - ADDED ENTRY--PERSONAL NAME | |
| Personal name | Blumenthal, Leonard M. |
| 9 (RLIN) | 39407 |
| 942 ## - ADDED ENTRY ELEMENTS (KOHA) | |
| Source of classification or shelving scheme | |
| Koha item type | Book |
| Withdrawn status | Lost status | Source of classification or shelving scheme | Damaged status | Not for loan | Permanent Location | Current Location | Date acquired | Total Checkouts | Full call number | Barcode | Date last seen | Price effective from | Koha item type |
|---|---|---|---|---|---|---|---|---|---|---|---|---|---|
| Military College of Engineering (MCE) | Military College of Engineering (MCE) | 04/07/2014 | 516.4 BLU | MCE-2064 | 04/07/2014 | 04/07/2014 | Book |
